عرض عادي عرض مارك
  • Coombe, Christine A.

مدخل إسم شخص

عدد التسجيلات المستخدمة في: 1

001 - رقم الضبط

  • حقل الضبط: 58547

003 - معرف رقم الضبط

  • حقل الضبط: OSt

005 - تاريخ ووقت أخر عملية

  • حقل الضبط: 20170803220621.0

008 - عناصر بيانات ثابتة الطول

  • حقل تحكم ثابت الطول: 170803|| aca||aabn | a|a d

040 ## - مصدر الفهرسة

  • هيئة الفهرسة الأصلية: OSt
  • وكالة الكتابة: OSt

100 ## - مدخل -- أسم شخص

  • إسم شخص: Coombe, Christine A.
  • الشكل الكامل للاسم: (Christine Anne),
  • تواريخ مرتبطة بالاسم: 1962-

670 ## - بيانات المصدر موجوده

  • الاستشهاد بالمصدر: Work cat.: (OSt)0: The Cambridge guide to second language assessment /, 2012.